| 000 | 01141nas a2200361 4500 | ||
|---|---|---|---|
| 001 | BR2011004017 | ||
| 003 | BR-BrBNA | ||
| 005 | 20231205115454.0 | ||
| 007 | ta | ||
| 008 | 230509b bl.|||p| |||| 00| 00por d | ||
| 040 |
_aBR-BrBNA _bpor _cBiblioteca Nacional de Agricultura |
||
| 041 | _a(Pt) | ||
| 072 | _aQ54 | ||
| 100 | 1 | _aBraga, Z.C.A. da C. | |
| 100 | 1 | _aBraga, A.P. | |
| 100 | 1 | _aRangel, A.H. do N. | |
| 100 | 1 | _aAguiar, E.M. de | |
| 100 | 1 | _aLima Júnior, D.M. de | |
| 245 | 1 | _aAvaliação do consumo e digestibilidade aparente de rações com diferentes níveis de farelo de côco | |
| 246 | 1 | _aEvaluation of apparent consumption and digestibility of diets with different levels of meal coco | |
| 650 | _aRACAO | ||
| 650 | _aOVINO | ||
| 650 | _aFARELO | ||
| 650 | _aCOCO | ||
| 650 | _aALIMENTO ALTERNATIVO | ||
| 650 | _aNUTRIENTE | ||
| 650 | _aDIGESTIBILIDADE | ||
| 650 | _aVALOR NUTRITIVO | ||
| 650 | _aCONSUMO ALIMENTAR | ||
| 773 | 0 |
_tRevista Caatinga (Brazil) _xISSN 0100-316X _g(Jan-Mar 2009), v. 22(1) p. 249-256 _wBR2011004017 |
|
| 909 |
_a202311 _bLúcia _c55 _dLúcia Elande |
||
| 942 |
_2AGRIS _n0 _cANA |
||
| 999 |
_c213990 _d213990 |
||